Ancient Egypt / (Record no. 7886)

MARC details
000 -LEADER
fixed length control field 01061nam a22002777a 4500
001 - CONTROL NUMBER
control field 7886
003 - CONTROL NUMBER IDENTIFIER
control field FISKH
005 - DATE AND TIME OF LATEST TRANSACTION
control field 20250813091336.0
008 - FIXED-LENGTH DATA ELEMENTS--GENERAL INFORMATION
fixed length control field 250813b cb ||||| |||| 00| 0 eng d
020 ## - INTERNATIONAL STANDARD BOOK NUMBER
International Standard Book Number 9781405334945
040 ## - CATALOGING SOURCE
Original cataloging agency FISKH
Language of cataloging eng
Transcribing agency FISKH
Modifying agency FISKH
050 ## - LIBRARY OF CONGRESS CALL NUMBER
Classification number DT61 .H284
082 ## - DEWEY DECIMAL CLASSIFICATION NUMBER
Classification number 932.01
100 ## - MAIN ENTRY--PERSONAL NAME
Personal name Green, Jen
245 ## - TITLE STATEMENT
Title Ancient Egypt /
Statement of responsibility, etc. By Jen Green
250 ## - EDITION STATEMENT
Edition statement First published in the United States in 2008
260 ## - PUBLICATION, DISTRIBUTION, ETC.
Place of publication, distribution, etc. London :
Name of publisher, distributor, etc. Dorling Kindersley ,
Date of publication, distribution, etc. 2009.
300 ## - PHYSICAL DESCRIPTION
Extent 46 pages :
Other physical details color illustrations, maps ;
Dimensions 28 cm .
490 ## - SERIES STATEMENT
Series statement DK Eyewitness Project Books
Volume/sequential designation 23
520 ## - SUMMARY, ETC.
Summary, etc. A photo essay on ancient Egypt and the people who lived there, documented through the mummies, pottery, weapons, and other objects they left behind. Describes their society, religion, obsession with the afterlife, and methods of mummification.<br/>
650 ## - SUBJECT ADDED ENTRY--TOPICAL TERM
Topical term or geographic name entry element Ancient civilizations
Form subdivision Non-fiction
700 ## - ADDED ENTRY--PERSONAL NAME
Personal name Booth, Charlotte
Relator term Editorial Consultant
700 ## - ADDED ENTRY--PERSONAL NAME
Personal name Huston, Rob
Relator term Senior Editor
942 ## - ADDED ENTRY ELEMENTS (KOHA)
Source of classification or shelving scheme Dewey Decimal Classification
Koha item type Books
Suppress in OPAC No
Holdings
Withdrawn status Lost status Source of classification or shelving scheme Damaged status Not for loan Collection Home library Current library Shelving location Date acquired Total Checkouts Full call number Barcode Date last seen Copy number Price effective from Koha item type
    Dewey Decimal Classification     Non-Fiction Footprints International School Library Network Toul Tom Poung Campus Footprints International School Library Network Toul Tom Poung Campus TTP Secondary Non-Fiction Bookshelves 08/13/2025   GRE 932.01 DT61 .H284 FIS01181 08/13/2025 1 08/13/2025 Books
    Dewey Decimal Classification     Non-Fiction Footprints International School Library Network Toul Tom Poung Campus Footprints International School Library Network Toul Tom Poung Campus TTP Secondary Non-Fiction Bookshelves 08/13/2025   GRE 932.01 DT61 .H284 FIS01423 08/13/2025 2 08/13/2025 Books